00887nas a2200265 4500001001300000003000900013005001700022007000300039008003400042040005400076041000900130072001800139100002200157100001900179100001600198100001600214100001900230245009700249650002000346650002200366650001800388650002100406773013400427856006000561BR2012008039BR-BrBNA20231205121401.0ta230509b bl.|||p| |||| 00| 00por d aBR-BrBNAbporcBiblioteca Nacional de Agricultura a(Pt) aF06; F62; P061 aHorschutz, A.C.O.1 aTeixeira, M.B.1 aAlves, J.M.1 aSilva, F.G.1 aSilva, N.F. da1 aCrescimento e produtividade do pinhão-manso em função do espaçamento e irrigação aJATROPHA CURCAS aPLANTA OLEAGINOSA aÁREA FOLIAR aBIOCOMBUSTÍVEL0 tRevista Brasileira de Engenharia Agrícola e Ambiental (Brazil)xISSN 1807-1929g(Oct-2012), v.16(10) p. 1093-1099wBR201200803940uhttp://www.agriambi.com.br/revista/v16n10/v16n10a09.pdf